<?xml version="1.0" encoding="UTF-8"?><?xml-stylesheet type="text/xsl" href="static/style.xsl"?><OAI-PMH xmlns="http://www.openarchives.org/OAI/2.0/" xmlns:xsi="http://www.w3.org/2001/XMLSchema-instance" xsi:schemaLocation="http://www.openarchives.org/OAI/2.0/ http://www.openarchives.org/OAI/2.0/OAI-PMH.xsd"><responseDate>2026-06-30T01:11:10Z</responseDate><request verb="GetRecord" identifier="oai:riubu.ubu.es:10259/7976" metadataPrefix="marc">https://riubu.ubu.es/oai/request</request><GetRecord><record><header><identifier>oai:riubu.ubu.es:10259/7976</identifier><datestamp>2023-11-10T01:05:38Z</datestamp><setSpec>com_10259_4596</setSpec><setSpec>com_10259.4_2574</setSpec><setSpec>com_10259.4_106</setSpec><setSpec>com_10259_2604</setSpec><setSpec>col_10259_4597</setSpec></header><metadata><record xmlns="http://www.loc.gov/MARC21/slim" xmlns:doc="http://www.lyncode.com/xoai" xmlns:xsi="http://www.w3.org/2001/XMLSchema-instance" xmlns:dcterms="http://purl.org/dc/terms/" xsi:schemaLocation="http://www.loc.gov/MARC21/slim http://www.loc.gov/standards/marcxml/schema/MARC21slim.xsd">
<leader>00925njm 22002777a 4500</leader>
<datafield tag="042" ind1=" " ind2=" ">
<subfield code="a">dc</subfield>
</datafield>
<datafield tag="720" ind1=" " ind2=" ">
<subfield code="a">Huete Alcocer, Nuria</subfield>
<subfield code="e">author</subfield>
</datafield>
<datafield tag="720" ind1=" " ind2=" ">
<subfield code="a">Martínez Ruiz, María Pilar .</subfield>
<subfield code="e">author</subfield>
</datafield>
<datafield tag="720" ind1=" " ind2=" ">
<subfield code="a">López Ruiz, Víctor Raúl</subfield>
<subfield code="e">author</subfield>
</datafield>
<datafield tag="720" ind1=" " ind2=" ">
<subfield code="a">Izquierdo Yusta, Alicia</subfield>
<subfield code="e">author</subfield>
</datafield>
<datafield tag="260" ind1=" " ind2=" ">
<subfield code="c">2019-10</subfield>
</datafield>
<datafield tag="520" ind1=" " ind2=" ">
<subfield code="a">A destination’s image is a critical factor in tourists’ perceptions and evaluations of said destination. This paper analyzes the formation of the tourist destination image of Segóbriga Archeological Park, a cultural destination located in the province of Cuenca (Spain) that holds great heritage value. To this end, the paper adopted a multidimensional approach and used PLS-SEM to analyze the destination image, taking&#xd;
into account not only its cognitive and affective components, but also the unique image component. The latter has received less attention in the literature and is a novel factor among cultural destinations. The results show that this component is essential to the overall image of an archeological destination, but is not influenced by information sources.</subfield>
</datafield>
<datafield tag="024" ind2=" " ind1="8">
<subfield code="a">http://hdl.handle.net/10259/7976</subfield>
</datafield>
<datafield tag="024" ind2=" " ind1="8">
<subfield code="a">10.3389/fpsyg.2019.02382</subfield>
</datafield>
<datafield tag="024" ind2=" " ind1="8">
<subfield code="a">1664-1078</subfield>
</datafield>
<datafield ind1=" " ind2=" " tag="653">
<subfield code="a">Information sources</subfield>
</datafield>
<datafield ind1=" " ind2=" " tag="653">
<subfield code="a">Tourism destination image</subfield>
</datafield>
<datafield ind1=" " ind2=" " tag="653">
<subfield code="a">Cognitive image</subfield>
</datafield>
<datafield ind1=" " ind2=" " tag="653">
<subfield code="a">Affective image</subfield>
</datafield>
<datafield ind1=" " ind2=" " tag="653">
<subfield code="a">Unique image</subfield>
</datafield>
<datafield tag="245" ind1="0" ind2="0">
<subfield code="a">Archeological Tourist Destination Image Formation: Influence of Information Sources on the Cognitive, Affective and Unique Image</subfield>
</datafield>
</record></metadata></record></GetRecord></OAI-PMH>